Bytový dom v Bratislave - Ružinove

Uložené v:
Podrobná bibliografia
Hlavný autor: Nagy, Péter (Autor)
Ďalší autori: Makýš, Oto (Vedúci práce)
Médium: Rukopis Kniha
Jazyk:Slovak
Vydavateľské údaje: 2016
Predmet:
On-line prístup:http://is.stuba.sk/zp/portal_zp.pl?podrobnosti=128873
https://opac.crzp.sk/?fn=detailBiblioForm&sid=427371B0090519B8054AD621842E
Tagy: Pridať tag
Žiadne tagy, Buďte prvý, kto otaguje tento záznam!

MARC

LEADER 00000ntm a22000003a 4500
001 stuzp59318
003 SK-STU
005 20230522094540.9
007 ta
008 150427s2015----xo-----f-mn---000-0-slo-d
040 |a STU  |b slo 
041 0 |a slo 
100 1 |a Nagy, Péter  |u 010270  |4 aut  |U SvF Stavebná fakulta  |T SvF Katedra technológie stavieb  |X 67477  |U V270  |Y 28  |7 67477 
242 0 1 |a Flat house in Bratislava - Ružinov  |y eng 
245 1 0 |a Bytový dom v Bratislave - Ružinove 
260 |c 2016 
650 4 |a zariadenie  |2 slo 
650 4 |a nadzemné  |2 slo 
650 4 |a monolitické  |2 slo 
650 4 |a upper  |2 eng 
650 4 |a monolithic  |2 eng 
650 4 |a equipment  |2 eng 
700 1 |a Makýš, Oto  |u 010270  |k Z1  |4 ths  |U SvF Stavebná fakulta  |T SvF Katedra technológie stavieb  |X 832  |U V270  |Y 28  |7 A000000832 
856 4 |u http://is.stuba.sk/zp/portal_zp.pl?podrobnosti=128873 
856 4 |u https://opac.crzp.sk/?fn=detailBiblioForm&sid=427371B0090519B8054AD621842E 
SQL |a stuzp59318  |b DBP  |c SLO  |d Bytový dom v Bratislave - Ružinove  |e 67477  |f Nagy, Péter  |g 010270  |h 832  |i Makýš, Oto  |j 20160621  |k 6  |l 01  |m http://is.stuba.sk/zp/portal_zp.pl?podrobnosti=128873  |n B-TMS  |o 5.2.8. stavebníctvo